|
|
|
|
| LEADER |
04027nam a2200973 4500 |
| 001 |
ocn844790183 |
| 003 |
OCoLC |
| 005 |
20170124070932.3 |
| 006 |
m o d |
| 007 |
cr ||||||||||| |
| 008 |
130524s2013 enk ob 001 0 eng |
| 010 |
|
|
|a 2013021303
|
| 040 |
|
|
|a DLC
|b eng
|e rda
|e pn
|c DLC
|d YDX
|d N$T
|d IDEBK
|d CUS
|d YDXCP
|d E7B
|d OCLCF
|d CDX
|d DEBSZ
|d RECBK
|d OCLCO
|d DG1
|d AU@
|d EBLCP
|d OCLCQ
|d COO
|d OCLCQ
|d DEBBG
|d GrThAP
|
| 019 |
|
|
|a 855970105
|a 859159665
|a 862997232
|a 961603657
|a 962577231
|
| 020 |
|
|
|a 9781118273463
|q (electronic bk.)
|
| 020 |
|
|
|a 111827346X
|q (electronic bk.)
|
| 020 |
|
|
|a 9781118273494
|q (ePub)
|
| 020 |
|
|
|a 1118273494
|q (ePub)
|
| 020 |
|
|
|a 9781118273470
|q (Adobe PDF)
|
| 020 |
|
|
|a 1118273478
|q (Adobe PDF)
|
| 020 |
|
|
|a 9781118273487
|q (MobiPocket)
|
| 020 |
|
|
|a 1118273486
|q (MobiPocket)
|
| 020 |
|
|
|a 1118273508
|q (hardback)
|
| 020 |
|
|
|a 9781118273500
|q (hardback)
|
| 020 |
|
|
|z 9781118273500
|q (hardback)
|
| 020 |
|
|
|z 9781118273463
|
| 020 |
|
|
|z 111827346X
|
| 020 |
|
|
|z 1299804284
|
| 020 |
|
|
|z 9781299804289
|
| 029 |
1 |
|
|a AU@
|b 000051254187
|
| 029 |
1 |
|
|a AU@
|b 000052905313
|
| 029 |
1 |
|
|a AU@
|b 000053306205
|
| 029 |
1 |
|
|a CHBIS
|b 010131647
|
| 029 |
1 |
|
|a CHVBK
|b 314704221
|
| 029 |
1 |
|
|a DEBBG
|b BV041387403
|
| 029 |
1 |
|
|a DEBBG
|b BV041573591
|
| 029 |
1 |
|
|a DEBBG
|b BV041907387
|
| 029 |
1 |
|
|a DEBSZ
|b 397618670
|
| 029 |
1 |
|
|a DEBSZ
|b 423055909
|
| 029 |
1 |
|
|a DEBSZ
|b 431476977
|
| 029 |
1 |
|
|a DKDLA
|b 820120-katalog:000664880
|
| 029 |
1 |
|
|a NZ1
|b 15350967
|
| 029 |
1 |
|
|a DEBBG
|b BV043395953
|
| 035 |
|
|
|a (OCoLC)844790183
|z (OCoLC)855970105
|z (OCoLC)859159665
|z (OCoLC)862997232
|z (OCoLC)961603657
|z (OCoLC)962577231
|
| 042 |
|
|
|a pcc
|
| 043 |
|
|
|a e-uk---
|
| 050 |
0 |
0 |
|a HD7333.A3
|
| 072 |
|
7 |
|a BUS
|x 032000
|2 bisacsh
|
| 072 |
|
7 |
|a SOC
|x 000000
|2 bisacsh
|
| 082 |
0 |
0 |
|a 363.50941
|2 23
|
| 084 |
|
|
|a BUS072000
|2 bisacsh
|
| 049 |
|
|
|a MAIN
|
| 245 |
0 |
0 |
|a Retrofitting the built environment /
|c edited by Dr. Philip Brown, Dr. William Swan.
|
| 264 |
|
1 |
|a Chichester, West Sussex :
|b Wiley-Blackwell,
|c 2013.
|
| 300 |
|
|
|a 1 online resource.
|
| 336 |
|
|
|a text
|b txt
|2 rdacontent
|
| 337 |
|
|
|a computer
|b c
|2 rdamedia
|
| 338 |
|
|
|a online resource
|b cr
|2 rdacarrier
|
| 520 |
|
|
|a "Retrofitting the Built Environment is an extension of this conference. Contained within is a mix of policy, technical and social science papers, presented by both academic and industry authors, giving a multiple perspective of the issue from both a UK and international perspective"--
|c Provided by publisher.
|
| 504 |
|
|
|a Includes bibliographical references and index.
|
| 588 |
0 |
|
|a Print version record and CIP data provided by publisher.
|
| 505 |
0 |
|
|a pt. 1. Understanding the problem -- pt. 2. Policy and regulation -- pt. 3. Implementing and evaluating retrofit -- pt. 4. Peoples and communities.
|
| 650 |
|
0 |
|a Housing policy
|z Great Britain.
|
| 650 |
|
0 |
|a Architectural design
|z Great Britain.
|
| 650 |
|
0 |
|a Housing policy.
|
| 650 |
|
0 |
|a Social history.
|
| 650 |
|
0 |
|a Architectural design.
|
| 650 |
|
4 |
|a Architectural design
|z Great Britain.
|
| 650 |
|
4 |
|a Great Britain
|x Social conditions.
|
| 650 |
|
4 |
|a Housing policy
|z Great Britain.
|
| 650 |
|
4 |
|a Housing policy.
|
| 650 |
|
7 |
|a BUSINESS & ECONOMICS
|x Development
|x Sustainable Development.
|2 bisacsh
|
| 650 |
|
7 |
|a Social conditions
|2 fast
|0 (OCoLC)fst01919811
|
| 650 |
|
7 |
|a Architectural design.
|2 fast
|0 (OCoLC)fst00813184
|
| 650 |
|
7 |
|a Housing policy.
|2 fast
|0 (OCoLC)fst00962432
|
| 650 |
|
7 |
|a Social history.
|2 fast
|0 (OCoLC)fst01122498
|
| 651 |
|
0 |
|a Great Britain
|x Social conditions.
|
| 651 |
|
7 |
|a Great Britain.
|2 fast
|0 (OCoLC)fst01204623
|
| 655 |
|
4 |
|a Electronic books.
|
| 700 |
1 |
|
|a Brown, Philip,
|d 1977-
|
| 700 |
1 |
|
|a Swan, William,
|d 1972-
|
| 776 |
0 |
8 |
|i Print version:
|a Brown, Philip, 1977-
|t Retrofitting the built environment.
|d Chichester, West Sussex : Wiley-Blackwell, 2013
|z 9781118273500
|w (DLC) 2013017325
|
| 856 |
4 |
0 |
|u https://doi.org/10.1002/9781118273463
|z Full Text via HEAL-Link
|
| 994 |
|
|
|a 92
|b DG1
|